Tri thức thế giới : Thế giới của những con rồng Comodo /

Shranjeno v:
Bibliografske podrobnosti
Drugi avtorji: Nguyễn Đình Nhơn (biên soạn.)
Format: Knjiga
Jezik:Vietnamese
Izdano: Hà Nội : Văn hoá Thông tin, 2003.
Serija:Tri thức thế giới.
Teme:
Oznake: Označite
Brez oznak, prvi označite!
Thư viện lưu trữ: Mạng thư viện Đại học Đà Nẵng
LEADER 01146cam a2200349 a 4500
001 000043891
003 2012
005 20060419085445.0
008 010217b2003 vm 000 vie
020 |c 26000 
040 |a LRC  |c LRC  |d LRC 
041 0 |a vie 
082 1 4 |a 001  |b Tr-T 
245 0 0 |a Tri thức thế giới :  |b Thế giới của những con rồng Comodo /  |c Nguyễn Đình Nhơn biên soạn. 
260 |a Hà Nội :  |b Văn hoá Thông tin,  |c 2003. 
300 |a 222 tr. :  |b mh. ;  |c 20 cm. 
440 0 |a Tri thức thế giới. 
630 0 4 |a Rồng Comodo. 
650 0 4 |a Tri thức. 
700 1 |a Nguyễn Đình Nhơn,  |e biên soạn. 
OWN |a DUT 
AVA |a UDN50  |b DUT  |c Book  |d 001 Tr-T  |e available  |t Error 5001 Not defined in file expand_doc_bib_avail.  |f 3  |g 0  |h N  |i 0  |j SH  |k 1 
999 |a From the UDN01 
AVA |a UDN50  |b DUT  |c Book  |d 001 Tr-T  |e available  |t Error 5001 Not defined in file expand_doc_bib_avail.  |f 3  |g 0  |h N  |i 0  |j SH  |k 1 
TYP |a Monograph 
TYP |a Printed language 
980 |a Mạng thư viện Đại học Đà Nẵng